000 01841cam a22004453a 4500
001 14847212
003 OSt
005 20140410083737.0
008 070511s2007 enka c 000 f eng d
010 _a 2007274695
020 _a0439862671 (hardcover)
020 _a9780439862677(hardcover)
035 _a(OCoLC)ocm76905358
037 _bJunior Library Guild
_nhttp://www.juniorlibraryguild.com
040 _aBKX
_cBKX
_dBAKER
_dTEF
_dDLC
041 1 _aeng
_hger
050 0 0 _aPZ 7
_b.F982 2007
100 1 _aFunke, Cornelia Caroline.
_917287
240 1 0 _aGespensterjäger in der Guselburg.
_lEnglish
245 1 0 _aGhosthunters and the totally moldy baroness! /
_cby Cornelia Funke ; [English translation by Helena Ragg-Kirkby].
250 _a1st American ed.
260 _a[Frome, Somerset, England] :
_bChicken House ;
_aNew York :
_bScholastic,
_c2007.
300 _a135 p. :
_bill. ;
_c20 cm.
500 _aFirst published in German as: Gespensterjäger in der Guselburg. Germany : Loewe Verlag, c1995.
520 _aMrs. Worm and Gloomsburg castle are taken over by ghosts.
521 _aG6
526 0 _aAccelerated Reader/Renaissance Learning
_bLG
_c810
_d2
562 _eFor Circulation. 1 copy available in the collection
586 8 _aA Junior Library Guild selection
650 0 _aGhost stories.
_94370
650 0 _aCastles
_vJuvenile fiction.
_926219
650 1 _aGhosts
_vFiction.
_926220
650 1 _aCastles
_vFiction.
_926221
655 7 _aGhost stories.
_2gsafd
_94248
906 _a7
_bcbc
_ccopycat
_d2
_encip
_f20
_gy-gencatlg
942 _2lcc
_cBK
999 _c34121
_d34121